| 000 | 00403nam a22001217a 4500 | ||
|---|---|---|---|
| 999 |
_c9676 _d9676 |
||
| 003 | OSt | ||
| 008 | 201203b ||||| |||| 00| 0 eng d | ||
| 245 | _aJournal of Scientific and Industrial Research (JSIR) | ||
| 250 | _a2012(Jul Vol.71 No.7, Aug Vol.71 No.8, Sep Vol.71 No.9, Oct Vol.71 No.10, Nov Vol.71 No.11) | ||
| 260 |
_aNew Delhi _bCSIR-NISCAIR |
||
| 650 | _aMechanical Engineering | ||
| 942 |
_2ddc _cBV |
||